|
|
|
|
| LEADER |
00000nam0a2200000 4500 |
| 001 |
157880 |
| 005 |
20231101222009.0 |
| 010 |
|
|
|a 9785498073071
|
| 035 |
|
|
|a (RuTPU)RU\TPU\book\171248
|
| 090 |
|
|
|a 157880
|
| 100 |
|
|
|a 20090415d2009 km y0rusy50 ca
|
| 101 |
0 |
|
|a rus
|
| 102 |
|
|
|a RU
|
| 105 |
|
|
|a y z 000zy
|
| 200 |
1 |
|
|a Турфирма: с чего начать, как преуспеть. Советы владельцам и управляющим
|f Ю. А. Мохова, Г. А. Мохов
|
| 210 |
|
|
|a СПб.
|c Питер
|d 2009
|
| 215 |
|
|
|a 240 с.
|
| 225 |
1 |
|
|a Начать и преуспеть
|
| 330 |
|
|
|a Как начать туристический бизнес и преуспеть в нем? Из книги вы узнаете, как выбрать направление туризма, составить реалистичный бизнес-план, найти офис для турфирмы, который будет удобен и клиентам и персоналу, подобрать название, как зарегистрировать компанию и получить лицензию на туристическую деятельность, организовать документооборот и выстроить работу турфирмы, провести малобюджетную, но эффективную рекламную кампанию, а также убедить клиентов обратиться к вам снова. Издание поможет вам выжить в первый год работы и наладить эффективные продажи. Прилагается типовая форма туристической путевки, данные по популярности отдельных стран среди граждан РФ, список компаний, предлагающих франшизу, перечень информационных ресурсов для бизнеса, нормативные акты и другое. Книга создана с учетом последних законодательных изменений в сфере туризма. Издание предназначено для тех, кто планирует заняться туристическим бизнесом, а также будет полезно действующим владельцам и управляющим турфирмами.
|
| 606 |
1 |
|
|a Туризм
|x Экономика
|2 stltpush
|3 (RuTPU)RU\TPU\subj\53770
|9 71935
|
| 610 |
1 |
|
|a туристические фирмы
|
| 610 |
1 |
|
|a туристический бизнес
|
| 610 |
1 |
|
|a регистрация
|
| 610 |
1 |
|
|a бизнес-планы
|
| 610 |
1 |
|
|a товарные знаки
|
| 610 |
1 |
|
|a туроператоры
|
| 610 |
1 |
|
|a иностранные представительства
|
| 610 |
1 |
|
|a документооборот
|
| 610 |
1 |
|
|a бухгалтерский учет
|
| 610 |
1 |
|
|a налогообложение
|
| 610 |
1 |
|
|a путевки
|
| 610 |
1 |
|
|a расчеты
|
| 610 |
1 |
|
|a продажи
|
| 610 |
1 |
|
|a фирменный стиль
|
| 610 |
1 |
|
|a реклама
|
| 610 |
1 |
|
|a штатный состав
|
| 610 |
1 |
|
|a оплата труда
|
| 610 |
1 |
|
|a партнеры
|
| 610 |
1 |
|
|a автоматизация
|
| 610 |
1 |
|
|a онлайн-бронирование
|
| 610 |
1 |
|
|a рекламная политика
|
| 610 |
1 |
|
|a рекламная кампания
|
| 610 |
1 |
|
|a клиентская база
|
| 610 |
1 |
|
|a ошибки
|
| 610 |
1 |
|
|a названия
|
| 610 |
1 |
|
|a офисы
|
| 610 |
1 |
|
|a турагенты
|
| 610 |
1 |
|
|a юридические формальности
|
| 686 |
|
|
|a У9(2)43
|v LBC/SL-A
|2 rubbk
|
| 700 |
|
1 |
|a Мохова
|b Ю. А.
|g Юлия Александровна
|
| 701 |
|
1 |
|a Мохов
|b Г. А.
|g Георгий Автондилович
|
| 801 |
|
1 |
|a RU
|b 63413507
|c 20090415
|g PSBO
|
| 801 |
|
2 |
|a RU
|b 63413507
|c 20100607
|g PSBO
|
| 942 |
|
|
|c BK
|
| 959 |
|
|
|a 49/20090413
|d 1
|e 173,00
|f ЧЗГЛ:1
|